Warhammer 40k Darktide Combat Abilities - Statistics

General Stats
  • This quiz has been taken 9 times
  • The average score is 5 of 16
Answer Stats
Hint Answer % Correct
Veteran Sharpshooter Voice of Command
80%
Ogryn Skullbreaker Point-blank Barrage
60%
Ogryn Skullbreaker Bull Rush
40%
Veteran Sharpshooter Executioner's Stance
40%
Zealot Preacher Shroudfield
40%
Zealot Preacher Chastise the Wicked
20%
Zealot Preacher Chorus of Spiritual Fortitude
20%
Zealot Preacher Fury of the Righteous
20%
Ogryn Skullbreaker Indomitable
20%
Veteran Sharpshooter Infiltrate
20%
Ogryn Skullbreaker Loyal Protector
20%
Psyker Psykinetic Psykinetic Wrath
20%
Psyker Psykinetic Scrier's Gaze
20%
Psyker Psykinetic Venting Shriek
20%
Veteran Sharpshooter Volley Fire
20%
Psyker Psykinetic Telekine Shield
0%
No matching quizzes found
Score Distribution
Percent of People with Each Score
Percentile by Number Answered
Your Score History
You have not taken this quiz